<?xml version="1.0" encoding="UTF-8"?>
<record
    xmlns:xsi="http://www.w3.org/2001/XMLSchema-instance"
    xsi:schemaLocation="http://www.loc.gov/MARC21/slim http://www.loc.gov/standards/marcxml/schema/MARC21slim.xsd"
    xmlns="http://www.loc.gov/MARC21/slim">

  <leader>01875nam a2200301 a 4500</leader>
  <controlfield tag="003">DO-SdBNP</controlfield>
  <controlfield tag="005">20220705080720.0</controlfield>
  <controlfield tag="007">ta</controlfield>
  <controlfield tag="008">220704e2017    dr a|||fr|||| 001 0 spa d</controlfield>
  <datafield tag="020" ind1=" " ind2=" ">
    <subfield code="a">9789945907100</subfield>
  </datafield>
  <datafield tag="040" ind1=" " ind2=" ">
    <subfield code="a">DO-SdBNP</subfield>
    <subfield code="b">spa</subfield>
    <subfield code="c">BNPHU</subfield>
  </datafield>
  <datafield tag="082" ind1=" " ind2="4">
    <subfield code="2">22</subfield>
    <subfield code="b">G216o</subfield>
  </datafield>
  <datafield tag="100" ind1="1" ind2=" ">
    <subfield code="9">78166</subfield>
    <subfield code="a">Garc&#xEC;a Romero, Dinorah</subfield>
  </datafield>
  <datafield tag="245" ind1=" " ind2=" ">
    <subfield code="a">Orientaciones para una educaci&#xF3;n en y desde la diversidad /</subfield>
    <subfield code="c">Dinorah Garc&#xED;a Romero</subfield>
  </datafield>
  <datafield tag="260" ind1=" " ind2=" ">
    <subfield code="a">Santo Domingo:</subfield>
    <subfield code="b">Fundaci&#xF3;n MAPFRE,</subfield>
    <subfield code="c">2017</subfield>
  </datafield>
  <datafield tag="300" ind1=" " ind2=" ">
    <subfield code="a">95 p. :</subfield>
    <subfield code="b">il. :</subfield>
    <subfield code="c">28 cm.</subfield>
  </datafield>
  <datafield tag="504" ind1=" " ind2=" ">
    <subfield code="a">Incluye bibliograf&#xED;a: p. 93- 95 </subfield>
  </datafield>
  <datafield tag="505" ind1="0" ind2=" ">
    <subfield code="a">Presentaci&#xF3;n.</subfield>
  </datafield>
  <datafield tag="505" ind1="0" ind2=" ">
    <subfield code="a">Introducci&#xF3;n.</subfield>
    <subfield code="g">Primera Parte.</subfield>
    <subfield code="t">Cap&#xED;tulo I: Constextualizaci&#xF3;n del tema-problema sobre la diversidad.--</subfield>
    <subfield code="t">Cap&#xED;tulo II: Fundaci&#xF3;n socioeducativa y pedag&#xF3;gica.-- </subfield>
    <subfield code="t">Cap&#xED;tulo III: Destinatarios y Porp&#xF3;sitos.--</subfield>
    <subfield code="t">Cap&#xED;tulo IV: Epistemolog&#xED;a de la diversidad.--</subfield>
    <subfield code="t">Cap&#xED;tulo V: Sujetos de la educaci&#xF3;n desde la diversidad.--</subfield>
    <subfield code="t">Cap&#xED;tulo VI: Perfiles de los contextos de atenci&#xF3;n a la diversidad.--</subfield>
    <subfield code="t">Cap&#xED;tulo VII: Ideas claves.--</subfield>
    <subfield code="g">Segunda Parte.</subfield>
    <subfield code="t">Cap&#xED;tulo VIII: Orientaciones en y para la educaci&#xF3;n desde la diversidad.--</subfield>
    <subfield code="g">Tercera Parte.</subfield>
    <subfield code="t">Cap&#xED;tulo IX: Articulaci&#xF3;n de la Orientaciones con la legislaci&#xF3;n educativa del pa&#xED;s.--</subfield>
    <subfield code="t">Cap&#xED;tulo X: Articulaci&#xF3;n de las Orientaciones para la Educaci&#xF3;n en y desde la Diversidad con el curr&#xED;culo dominicano.--</subfield>
    <subfield code="t">Cap&#xED;tulo XI: Escenarios para la aplicaci&#xF3;n de las Orientaciones.--</subfield>
    <subfield code="t">Cap&#xED;tulo XII: Actividades pr&#xE1;cticas. </subfield>
  </datafield>
  <datafield tag="590" ind1=" " ind2=" ">
    <subfield code="a">Inventariado 2022 / MF</subfield>
  </datafield>
  <datafield tag="650" ind1=" " ind2="4">
    <subfield code="9">78962</subfield>
    <subfield code="a">Identidad sexual</subfield>
  </datafield>
  <datafield tag="650" ind1=" " ind2="4">
    <subfield code="9">52271</subfield>
    <subfield code="a">Educci&#xF3;n Sexual</subfield>
    <subfield code="v">Diversidad de G&#xE9;nero</subfield>
    <subfield code="z">Rep&#xFA;blica Dominicana</subfield>
  </datafield>
  <datafield tag="650" ind1=" " ind2="4">
    <subfield code="9">9457</subfield>
    <subfield code="a">Relaciones Interpersonales</subfield>
  </datafield>
  <datafield tag="650" ind1=" " ind2="0">
    <subfield code="9">74747</subfield>
    <subfield code="a">Psicopedagog&#xED;a</subfield>
    <subfield code="v">Diversidad de G&#xE9;nero</subfield>
    <subfield code="x">Orientaci&#xF3;n Estudiantil</subfield>
  </datafield>
  <datafield tag="710" ind1=" " ind2=" ">
    <subfield code="9">6374</subfield>
    <subfield code="a">Centro Cultural Poveda</subfield>
    <subfield code="e">ed.</subfield>
  </datafield>
  <datafield tag="910" ind1=" " ind2=" ">
    <subfield code="a">MFeliz</subfield>
  </datafield>
  <datafield tag="942" ind1=" " ind2=" ">
    <subfield code="2">ddc</subfield>
    <subfield code="c">LBS1</subfield>
  </datafield>
  <datafield tag="952" ind1=" " ind2=" ">
    <subfield code="0">0</subfield>
    <subfield code="1">0</subfield>
    <subfield code="2">ddc</subfield>
    <subfield code="5">1</subfield>
    <subfield code="7">0</subfield>
    <subfield code="8">PD</subfield>
    <subfield code="a">BNPHU</subfield>
    <subfield code="b">BNPHU</subfield>
    <subfield code="c">CT</subfield>
    <subfield code="d">2019-01-23</subfield>
    <subfield code="e">Dep&#xF3;sito legal / ISESP</subfield>
    <subfield code="o">G216o</subfield>
    <subfield code="p">2022-3294</subfield>
    <subfield code="r">2022-07-04</subfield>
    <subfield code="t">2</subfield>
    <subfield code="w">2022-07-04</subfield>
    <subfield code="y">LBS1</subfield>
  </datafield>
  <datafield tag="952" ind1=" " ind2=" ">
    <subfield code="0">0</subfield>
    <subfield code="1">0</subfield>
    <subfield code="2">ddc</subfield>
    <subfield code="5">1</subfield>
    <subfield code="7">0</subfield>
    <subfield code="8">PD</subfield>
    <subfield code="a">BNPHU</subfield>
    <subfield code="b">BNPHU</subfield>
    <subfield code="c">CT</subfield>
    <subfield code="d">2019-01-23</subfield>
    <subfield code="e">Dep&#xF3;sito legal / ISESP</subfield>
    <subfield code="o">G216o</subfield>
    <subfield code="p">2022-3028</subfield>
    <subfield code="r">2022-07-04</subfield>
    <subfield code="w">2022-07-04</subfield>
    <subfield code="y">LBS1</subfield>
  </datafield>
  <datafield tag="999" ind1=" " ind2=" ">
    <subfield code="c">52134</subfield>
    <subfield code="d">52134</subfield>
  </datafield>
</record>
